|
|
|
|
| LEADER |
00000nam0a2200000 4500 |
| 001 |
85226 |
| 005 |
20231101213414.0 |
| 035 |
|
|
|a (RuTPU)RU\TPU\book\91569
|
| 090 |
|
|
|a 85226
|
| 100 |
|
|
|a 20051110d1987 k y0rusy50 ca
|
| 101 |
0 |
|
|a rus
|
| 102 |
|
|
|a RU
|
| 105 |
|
|
|a a z 001zy
|
| 200 |
1 |
|
|a Методы гидрогеологического и инженерно-геологического картографирования
|e [сборник научных трудов]
|f Всесоюзный научно-исследовательский институт гидрогеологии и инженерной геологии (ВСЕГИНГЕО) ; отв. ред. М. С. Галицын
|
| 210 |
|
|
|a Москва
|c Изд-во ВСЕГИНГЕО
|d 1987
|
| 215 |
|
|
|a 192 с.
|c ил.
|
| 320 |
|
|
|a Библиогр. в конце ст.
|
| 606 |
1 |
|
|a Гидрогеологическое картирование
|2 stltpush
|3 (RuTPU)RU\TPU\subj\64809
|9 81553
|
| 606 |
1 |
|
|a Инженерно-геологическое картирование
|2 stltpush
|3 (RuTPU)RU\TPU\subj\39244
|9 59412
|
| 610 |
1 |
|
|a съемка
|
| 610 |
1 |
|
|a исследования
|
| 610 |
1 |
|
|a методы
|
| 610 |
1 |
|
|a техногенные изменения
|
| 610 |
1 |
|
|a подземная гидросфера
|
| 610 |
1 |
|
|a геокриология
|
| 610 |
1 |
|
|a дешифрование
|
| 610 |
1 |
|
|a геологическая среда
|
| 610 |
1 |
|
|a охрана
|
| 610 |
1 |
|
|a Сибирь
|
| 675 |
|
|
|a 556.3.042
|v 3
|
| 675 |
|
|
|a 528.94
|v 3
|
| 702 |
|
1 |
|a Галицын
|b М. С.
|4 340
|
| 712 |
0 |
2 |
|a Всесоюзный научно-исследовательский институт гидрогеологии и инженерной геологии (ВСЕГИНГЕО)
|c (пос. Зеленый, Московская область)
|2 stltpush
|3 (RuTPU)RU\TPU\col\2061
|
| 801 |
|
1 |
|a RU
|b 63413507
|c 20051110
|g PSBO
|
| 801 |
|
2 |
|a RU
|b 63413507
|c 20180926
|g PSBO
|
| 942 |
|
|
|c BK
|